000 00448nam a2200181Ia 4500
005 20250508162724.0
008 008 250505s9999 xx 000 0 hin d
037 _aTextual
040 _aFEDL
_beng
_cFEDL
041 _ahin
_2eng
084 _a920, VAR
_qFEDL
100 _aVora Asha Rani
_9773913
245 0 _aKrantikari mahilaye
260 _c1986
300 _a142p.
942 _cTEXL
_h920, VAR
999 _c1378304
_d1378304